00535nai a2200157Ia 4500003000900000008004100009022002300050022002200073040001600095245005200111260003600163310001100199362002700210521006900237856007100306IN-BaIIA211028c9999 xx s 000 0 eng d a1520-5207 (Online) a1520-6106 (Print) cIIA Library 4aThe Journal of Physical Chemistry Bh[eJournal] aWashington DCbACS Publications aWeekly a101(1); 1997 - Present bSubscribed through National Knowledge Resource Consortium (NKRC) uhttps://pubs.acs.org/journal/jpcbfkyClick Here to Access eJournal